000 nam a22 a 4500
999 _c152761
_d152761
003 BLK
005 20211102160600.0
008 180410b bul|||||r ||||||| ||bul||
010 _aKNG00159279000
040 _aBLK
041 _aBUL
_cBUL
080 _aРуска литература
_b821.161.1
_x-93-32
_z821.161.1-93-32
100 1 _aБрущейн, Александра Яковлевна
_eпърви автор
_9331886
139 _aБрущейн, Александра Яковлевна
_bБ 82
240 _aДорога уходит вдаль / А. Бруштейн.
245 1 0 _aПътят се простира далеко
_bЗа средна училищна възраст
_cАлександра Яковлевна Брущейн; прев. от рус. Георги Иванов Жечев; * Александра Яковлевна Брущайн.
257 _aSUN
260 _aСофия
_bНар. младеж
_c1957
300 _a240 с.
_c21 см
380 _aDX
500 _aОриг. загл. Дорога уходит вдаль / А. Бруштейн. - Авт. означена като Александра Брущайн.
700 1 _aЖечев, Георги Иванов
_eпрев. от рус.
_9369046
700 1 _aБрущайн, Александра Яковлевна
_e*
_943533
852 _aЦб 7362
856 4 _qpdf
856 4 _qpdf
942 _cKNG
_n0
_s1
944 _aCR
_c04.04.2014
_l04.04.2014 - от С1,Р / 04.04.2014
_kСамет_Онур
944 _aED
_c2021-11-02
_l2021-11-02
_kК.Д.
999 _d152761